1811 1233 1201 1083 1485 1839 1400 1980 1834 1495 1852 1555 1705 1421 1347 1627 1458 1199 1809 1855 1176 1969 1648 1651 1133 1062 1469 1719 1272 1185 1370 1779 1674 1487 1260 1777 1035 1013 1694 1166 1811 1813 1846 1453 1671 1738 1451 1869 1494 1607 1698 1191 1129 1417 1869 1650 1812 1959 1995 1776 1050 1706 1029 1626 1930 1277 1617 1361 1673 1568 1362 1220 1680 1831 1591 1339 1120 1142 1620 1673 1001 1177 1419 1365 1317 1633 1150 1853 1030 1505 1290 1262 1890 1559 1173 1058 1183 1795 1774 BCNSPRNW ULIB Ver.6.0+V

เปลี่ยนเป็นภาษาไทย

Change to English
 แสดงรายละเอียดบรรณานุกรม
  กลับหน้าหลัก

Brief Record : Get Marc (ISO 2709) : E-mail record : QR code < ปิดหน้าต่าง
LEADER : 00000nam 2200000uu 4500
001    13399109807
003     ULIB
008    110411s2551||||th 000 0 tha d
020    9789743429194
060 04 WC503.2^bส253ก 2551
100 0  สมนึก สังฆานุภาพ
245 10 การดื้อยาต้านเอชไอวี :^bหลักการพื้นฐานและการใช้ทางคลินิก =HIV drug resistance : basic principles & clinical implications /^cสมนึก สังฆานุภาพ
246 30 HIV drug resistance :^bbasic principles & clinicalimplications
250    พิมพ์ครั้งที่ 1
260    กรุงเทพฯ :^bหน่วยโรคติดเชื้อ ภาควิชาอายุรศาสตร์คณะแพทยศาสตร์โรงพยาบาลรามาธิบดี มหาวิทยาลัยมหิดล,^c2551
300    [6], 232 หน้า :^bภาพประกอบ ;^c27 ซม.
650  2 HIV
650  2 Resistance
650  7 กลุ่มอาการภูมิคุ้มกันเสื่อม^xการรักษาด้วยยา^xผลไม่พึงประสงค์
650  7 เอชไอวี, การติดเชื้อ^xการรักษา
650  7 การดื้อยา
650  7 สารต้านไวรัส^xผลไม่พึงประสงค์
650  7 เอชไอวี, การติดเชื้อ^xการรักษาด้วยยา^xผลไม่พึงประสงค์
710 2  มหาวิทยาลัยมหิดล. ^bคณะแพทยศาสตร์โรงพยาบาลรามาธิบดี.^bภาควิชาอายุรศาสตร์
945    ^p450^l0^i025688
945    ^p450^l0^i025687
945    ^p450^l0^i025686
995    ทศพร
999 ^a ใช้งานได้ทุกระบบ
รายการนี้ยังไม่มีแท็ก
คุณยังไม่ได้ล็อกอิน คุณสามารถมีกิจกรรมร่วมกับเว็บไซต์ได้ แต่ต้องล็อกอินก่อน ::
  ล็อกอิน

รายการสื่อสารสนเทศ

ลำดับที่ ประเภท เลขเรียก/บาร์โค้ด สถานที่ สถานะ
- ไม่พบข้อมูล -

รายการใกล้เคียง
    ผู้แต่ง [สมนึก สังฆานุภาพ]

    หัวเรื่อง [HIV]
    หัวเรื่อง [Resistance]
    หัวเรื่อง [การดื้อยา]

BibComment


ยังไม่เคยถูกคอมเมนท์

คอมเมนท์ทรัพยากรรายการนี้
  คอมเมนท์: การดื้อยาต้านเอชไ..


 Copyright 2026. Bcnsprnw @Library